[Event "BCF-ch AM op"]
[Site "Hull"]
[Date "2024.08.02"]
[Round "5"]
[White "Mollison, Jamie"]
[Black "Rathbone Jones, Ifan"]
[Result "0-1"]
[WhiteElo "1914"]
[BlackElo "2014"]
[PlyCount "44"]
[EventDate "2024.07.29"]
[EventType "swiss"]
[EventRounds "6"]
[EventCountry "ENG"]
[SourceTitle "CBM 221 Extra"]
[Source "ChessBase"]
[SourceDate "2024.09.30"]
[SourceVersion "1"]
[SourceVersionDate "2024.09.30"]
[SourceQuality "1"]

1. c4 Nf6 2. Nf3 e6 3. e3 d5 4. b3 Be7 5. Bb2 c5 6. d4 0-0 7. Nbd2 Nc6 8. a3 b6 9. cxd5 exd5 10. Bb5 Bb7 11. 0-0 Rc8 12. Rc1 Nb8 13. Bd3 Ne4 14. Rc2 Bd6 15. Qa1 f6 16. Rfc1 Qe8 17. dxc5 Nxc5 18. Bf1 Qg6 19. b4 Nb3 20. Nh4 Qxc2 21. Nxb3 Qxb3 22. Rxc8 Bxc8 0-1

[Event "BCF-ch"]
[Site "Hull"]
[Date "2024.08.02"]
[Round "7"]
[White "Rathbone Jones, Ifan"]
[Black "Villiers, Thomas"]
[Result "0-1"]
[WhiteElo "2014"]
[BlackElo "2229"]
[PlyCount "58"]
[EventDate "2024.07.27"]
[EventType "swiss"]
[EventRounds "9"]
[EventCountry "ENG"]
[SourceTitle "CBM 221 Extra"]
[Source "ChessBase"]
[SourceDate "2024.09.30"]
[SourceVersion "1"]
[SourceVersionDate "2024.09.30"]
[SourceQuality "1"]

1. d4 c5 2. c3 e6 3. Bf4 Nc6 4. e3 d5 5. Nf3 Nf6 6. Nbd2 Be7 7. Bd3 Nh5 8. Bg3 Nxg3 9. hxg3 h6 10. a4 Qc7 11. Qe2 Bd7 12. 0-0 0-0 13. e4 cxd4 14. exd5 exd5 15. Nxd4 Rfe8 16. Nb5 Qb8 17. Nf3 Bc5 18. Qc2 Qxg3 19. Bh7+ Kh8 20. Bf5 Ne5 21. Kh1 Qf4 22. Bxd7 Nxf3 23. g3 Qg5 24. Bxe8 Rxe8 25. Qd1 Re2 26. Kg2 Nh4+ 27. Kh3 Qf5+ 28. Kh2 Qf3 29. gxh4 Bxf2 0-1

[Event "BCF-ch AM op"]
[Site "Hull"]
[Date "2024.08.01"]
[Round "4"]
[White "Rathbone Jones, Ifan"]
[Black "Sullivan, Daniel"]
[Result "1-0"]
[WhiteElo "2014"]
[BlackElo "1965"]
[PlyCount "85"]
[EventDate "2024.07.29"]
[EventType "swiss"]
[EventRounds "6"]
[EventCountry "ENG"]
[SourceTitle "CBM 221 Extra"]
[Source "ChessBase"]
[SourceDate "2024.09.30"]
[SourceVersion "1"]
[SourceVersionDate "2024.09.30"]
[SourceQuality "1"]

1. d4 Nf6 2. Bf4 d5 3. Nf3 e6 4. e3 Bd6 5. Ne5 0-0 6. Bd3 b6 7. h4 Ba6 8. Bxa6 Nxa6 9. Qe2 Nb8 10. Nd2 c5 11. Rh3 Qc7 12. Rg3 Nc6 13. Qf3 Nxe5 14. Rxg7+ Kxg7 15. dxe5 Bxe5 16. Qg3+ Ng4 17. Qxg4+ Kh8 18. 0-0-0 Bxf4 19. exf4 b5 20. f5 e5 21. f6 Rg8 22. Qf5 Rae8 23. Nf3 Qc8 24. Ng5 Rg6 25. Nxf7+ Kg8 26. Nh6+ Kf8 27. f7 Rd8 28. Rxd5 Rxh6 29. Qg5 Rxd5 30. Qg8+ Ke7 31. Qxc8 Kxf7 32. Qb7+ Ke6 33. Qxb5 Kf5 34. Qe8 Rf6 35. Qc8+ Ke4 36. Qb7 c4 37. f3+ Kd4 38. Qxa7+ Rc5 39. Qd7+ Rd5 40. Qa7+ Rc5 41. b4 cxb3 42. axb3 Kd5 43. c4+ 1-0

[Event "BCF-ch"]
[Site "Hull"]
[Date "2024.07.30"]
[Round "4"]
[White "Kalavannan, Koby"]
[Black "Rathbone Jones, Ifan"]
[Result "0-1"]
[WhiteElo "2265"]
[BlackElo "2014"]
[PlyCount "62"]
[EventDate "2024.07.27"]
[EventType "swiss"]
[EventRounds "9"]
[EventCountry "ENG"]
[SourceTitle "CBM 221 Extra"]
[Source "ChessBase"]
[SourceDate "2024.09.30"]
[SourceVersion "1"]
[SourceVersionDate "2024.09.30"]
[SourceQuality "1"]

1. d4 Nf6 2. Nf3 e6 3. c4 d5 4. g3 Be7 5. Bg2 0-0 6. 0-0 dxc4 7. Qc2 b6 8. e4 Bb7 9. Nbd2 Nbd7 10. e5 Nd5 11. Nxc4 c5 12. dxc5 Rc8 13. Rd1 Rxc5 14. Qd3 Ba6 15. b3 Qc8 16. Bg5 Nxe5 17. Nfxe5 Bxg5 18. f4 Bf6 19. Be4 g6 20. Qf3 Bxe5 21. Nxe5 Nc3 22. Re1 Nxe4 23. Qxe4 Bb7 24. Qe3 Rc3 25. Qe2 Qc5+ 26. Qf2 Qd5 27. Kf1 f6 28. Ng4 Rf3 29. Ne3 Rxf2+ 30. Kxf2 Qf3+ 31. Kg1 Qh1+ 0-1

[Event "BCF-ch AM op"]
[Site "Hull"]
[Date "2024.07.29"]
[Round "1"]
[White "Wang, Luoke"]
[Black "Rathbone Jones, Ifan"]
[Result "0-1"]
[WhiteElo "1867"]
[BlackElo "2014"]
[PlyCount "60"]
[EventDate "2024.07.29"]
[EventType "swiss"]
[EventRounds "6"]
[EventCountry "ENG"]
[SourceTitle "CBM 221 Extra"]
[Source "ChessBase"]
[SourceDate "2024.09.30"]
[SourceVersion "1"]
[SourceVersionDate "2024.09.30"]
[SourceQuality "1"]

1. d4 b5 2. e4 a6 3. Nf3 Bb7 4. Bd3 d6 5. 0-0 Nd7 6. Bf4 c5 7. c3 e6 8. Nbd2 Be7 9. Rc1 Ngf6 10. Bb1 0-0 11. Qe2 g6 12. e5 dxe5 13. dxe5 Nh5 14. Bh6 Re8 15. Ne4 Qc7 16. g4 Ng7 17. Bf4 f5 18. gxf5 exf5 19. Ned2 Ne6 20. Bg3 f4 21. Bh4 Nxe5 22. Nxe5 Qxe5 23. Bxe7 Rxe7 24. f3 Qe3+ 25. Kh1 Ng5 26. Qd3 Qxd3 27. Bxd3 Rd8 28. Ne4 Nxf3 29. Rxf3 Rxd3 30. Rxd3 Bxe4+ 0-1

[Event "BCF-ch"]
[Site "Hull"]
[Date "2024.07.28"]
[Round "2"]
[White "Merry, Alan B"]
[Black "Rathbone Jones, Ifan"]
[Result "1-0"]
[WhiteElo "2423"]
[BlackElo "2014"]
[PlyCount "75"]
[EventDate "2024.07.27"]
[EventType "swiss"]
[EventRounds "9"]
[EventCountry "ENG"]
[SourceTitle "CBM 221 Extra"]
[Source "ChessBase"]
[SourceDate "2024.09.30"]
[SourceVersion "1"]
[SourceVersionDate "2024.09.30"]
[SourceQuality "1"]

1. d4 Nf6 2. c4 c5 3. d5 d6 4. Nc3 g6 5. g3 Bg7 6. Bg2 Na6 7. Nf3 Nc7 8. 0-0 a6 9. a4 Rb8 10. a5 b5 11. axb6 Rxb6 12. h3 0-0 13. Qc2 Bd7 14. Ra3 Qc8 15. Kh2 Qb7 16. Nd2 Rb8 17. b3 h5 18. Bb2 Qc8 19. e4 e5 20. Ne2 h4 21. gxh4 Nh5 22. f4 Bh6 23. fxe5 Bxd2 24. Qxd2 Rxb3 25. Rxb3 Rxb3 26. Rf3 Rb4 27. exd6 Ne8 28. Qc3 f6 29. e5 Qb8 30. Ba3 fxe5 31. Bxb4 e4 32. Bxc5 exf3 33. Bxf3 Nxd6 34. Qe5 Qb3 35. Bxh5 Qxh3+ 36. Kg1 Nf5 37. Qb8+ Kh7 38. Bxg6+ 1-0

[Event "South Wales op 19th"]
[Site "Bridgend"]
[Date "2024.07.10"]
[Round "9"]
[White "Waterfield, Mark"]
[Black "Rathbone Jones, Ifan"]
[Result "0-1"]
[WhiteElo "1815"]
[BlackElo "2014"]
[PlyCount "80"]
[EventDate "2024.07.05"]
[EventType "swiss"]
[EventRounds "9"]
[EventCountry "WLS"]
[SourceTitle "CBM 221 Extra"]
[Source "ChessBase"]
[SourceDate "2024.09.30"]
[SourceVersion "1"]
[SourceVersionDate "2024.09.30"]
[SourceQuality "1"]

1. e4 d5 2. exd5 Nf6 3. d4 c6 4. Bd3 Bg4 5. Ne2 Bxe2 6. Bxe2 cxd5 7. 0-0 e6 8. Nd2 Bd6 9. Nf3 Nc6 10. c3 Qc7 11. Re1 h6 12. Bb5 Ne4 13. Qa4 0-0 14. Bxc6 bxc6 15. g3 f5 16. Ne5 Bxe5 17. dxe5 g5 18. f3 Nc5 19. Qd4 Nd7 20. b4 c5 21. bxc5 Qxc5 22. Be3 Qxd4 23. cxd4 Nb6 24. Bd2 a5 25. f4 Nc4 26. Bc1 g4 27. a4 Rfb8 28. Ba3 Rb3 29. Bd6 Nd2 30. Kf2 Nf3 31. Re3 Rb2+ 32. Re2 Rxe2+ 33. Kxe2 Nxd4+ 34. Kd3 Nf3 35. Rc1 h5 36. Rh1 Rc8 37. h3 h4 38. hxg4 hxg3 39. gxf5 g2 40. Rb1 exf5 0-1

[Event "South Wales op 19th"]
[Site "Bridgend"]
[Date "2024.07.09"]
[Round "8"]
[White "Rathbone Jones, Ifan"]
[Black "Hertog, Alexander"]
[Result "0-1"]
[WhiteElo "2014"]
[BlackElo "1895"]
[PlyCount "158"]
[EventDate "2024.07.05"]
[EventType "swiss"]
[EventRounds "9"]
[EventCountry "WLS"]
[SourceTitle "CBM 221 Extra"]
[Source "ChessBase"]
[SourceDate "2024.09.30"]
[SourceVersion "1"]
[SourceVersionDate "2024.09.30"]
[SourceQuality "1"]

1. d4 Nf6 2. Nf3 b6 3. Bf4 Bb7 4. Nbd2 e6 5. a4 a5 6. e3 Be7 7. Bd3 Nh5 8. Bg3 d5 9. Ne5 Nxg3 10. hxg3 Bf6 11. Ndf3 h6 12. c3 Qd6 13. Qb3 Nd7 14. Bb5 c6 15. Nxd7 Qxd7 16. Bd3 Ba6 17. Bxa6 Rxa6 18. g4 Qe7 19. e4 0-0 20. e5 Bg5 21. Qc2 Raa8 22. g3 f5 23. gxf5 exf5 24. Nh2 f4 25. g4 f3 26. Qg6 Rf6 27. Qd3 Rf4 28. Rg1 Raf8 29. Rg3 Re4+ 30. Kf1 Bf4 31. Qxf3 Bxg3 32. Qxg3 Qg5 33. Rd1 h5 34. Kg1 hxg4 35. Nf1 Re2 36. Ne3 Rxb2 37. Rf1 Rf3 38. Qxg4 Qxg4+ 39. Nxg4 Rxc3 40. e6 Re2 41. Ne5 Rxe5 42. dxe5 Rc4 43. Rb1 Rb4 44. Rc1 c5 45. Rd1 d4 46. f4 Kf8 47. Rd3 Rxa4 48. f5 Ra1+ 49. Kf2 Ra2+ 50. Kf3 Rh2 51. Ke4 c4 52. Rg3 d3 53. f6 gxf6 54. exf6 d2 55. Rg1 c3 56. Kd3 Rf2 57. Kxc3 Rxf6 58. Kxd2 Rxe6 59. Kc3 Rc6+ 60. Kb3 Ke7 61. Rd1 Rd6 62. Re1+ Kd7 63. Kc4 Kc6 64. Re5 Rh6 65. Rg5 b5+ 66. Kb3 Rh3+ 67. Kb2 Rd3 68. Kc2 Rd5 69. Rg8 Kc5 70. Kb3 a4+ 71. Kc2 Rd4 72. Kb2 Kb4 73. Rg2 Rc4 74. Rh2 a3+ 75. Kb1 Kb3 76. Rb2+ Ka4 77. Rh2 b4 78. Rg2 b3 79. Rh2 a2+ 0-1

[Event "South Wales op 19th"]
[Site "Bridgend"]
[Date "2024.07.09"]
[Round "7"]
[White "Rathbone Jones, Ifan"]
[Black "Hng, Mei En Emmanuelle"]
[Result "0-1"]
[WhiteElo "2014"]
[BlackElo "2144"]
[PlyCount "72"]
[EventDate "2024.07.05"]
[EventType "swiss"]
[EventRounds "9"]
[EventCountry "WLS"]
[SourceTitle "CBM 221 Extra"]
[Source "ChessBase"]
[SourceDate "2024.09.30"]
[SourceVersion "1"]
[SourceVersionDate "2024.09.30"]
[SourceQuality "1"]

1. d4 Nf6 2. Bf4 e6 3. Nf3 c5 4. e3 Nc6 5. c3 Be7 6. Bd3 Nh5 7. Bg3 h6 8. Nbd2 Nxg3 9. hxg3 b6 10. e4 cxd4 11. Nxd4 Ne5 12. Be2 Bb7 13. a4 a6 14. f4 Nc6 15. Nc4 0-0 16. Nxc6 Bxc6 17. Bf3 d6 18. e5 d5 19. Ne3 b5 20. b4 a5 21. f5 Qb6 22. Qe2 Bg5 23. Nc2 axb4 24. f6 bxc3 25. fxg7 Kxg7 26. Rh5 Qg1+ 27. Qf1 Qxf1+ 28. Kxf1 Rxa4 29. Rb1 Ra2 30. Bd1 Rb2 31. Ra1 b4 32. Ra7 Bb5+ 33. Ke1 Bd3 34. Nd4 Re8 35. Nf3 Be3 36. Re7 Bf2# 0-1

[Event "South Wales op 19th"]
[Site "Bridgend"]
[Date "2024.07.07"]
[Round "4"]
[White "Cuenca Jimenez, Jose Fernando"]
[Black "Rathbone Jones, Ifan"]
[Result "1-0"]
[WhiteElo "2479"]
[BlackElo "2014"]
[PlyCount "79"]
[EventDate "2024.07.05"]
[EventType "swiss"]
[EventRounds "9"]
[EventCountry "WLS"]
[SourceTitle "CBM 221 Extra"]
[Source "ChessBase"]
[SourceDate "2024.09.30"]
[SourceVersion "1"]
[SourceVersionDate "2024.09.30"]
[SourceQuality "1"]

1. d4 c5 2. d5 d6 3. c4 Nf6 4. Nc3 Na6 5. e4 Nc7 6. f4 g6 7. e5 Ng4 8. Nf3 Bg7 9. h3 Nh6 10. Be3 a6 11. a4 Rb8 12. a5 b5 13. axb6 Rxb6 14. Qd2 Nf5 15. Bf2 h5 16. Bd3 Bd7 17. 0-0 Qb8 18. Rab1 0-0 19. Rfe1 Qb7 20. Ne4 Rb8 21. Re2 a5 22. g4 hxg4 23. hxg4 Nh6 24. g5 Nf5 25. exd6 exd6 26. Nf6+ Bxf6 27. gxf6 Ne8 28. Nh4 Nxf6 29. Nxf5 Bxf5 30. Bxf5 gxf5 31. Bh4 Ng4 32. Qc2 Qc8 33. Be1 Rb3 34. Bc3 Kh7 35. Rh2+ Kg6 36. Rh4 Ne3 37. Kh1 f6 38. Rg1+ Kf7 39. Rh7+ Kf8 40. Qh2 1-0

[Event "WLS-chA 68th"]
[Site "Cardiff"]
[Date "2024.04.01"]
[Round "7"]
[White "Binks, Michael"]
[Black "Rathbone Jones, Ifan"]
[Result "1-0"]
[WhiteElo "1984"]
[BlackElo "1966"]
[PlyCount "47"]
[EventDate "2024.03.29"]
[EventType "swiss"]
[EventRounds "7"]
[EventCountry "WLS"]
[SourceTitle "CBM 219 Extra"]
[Source "ChessBase"]
[SourceDate "2024.05.31"]
[SourceVersion "1"]
[SourceVersionDate "2024.05.31"]
[SourceQuality "1"]

1. d4 Nf6 2. Nf3 e6 3. Bf4 c5 4. c3 Nh5 5. Bg5 Be7 6. Bxe7 Qxe7 7. e3 Nf6 8. Bd3 cxd4 9. exd4 d5 10. Nbd2 Bd7 11. 0-0 0-0 12. Ne5 Ne8 13. f4 f6 14. Bxh7+ Kxh7 15. Qh5+ Kg8 16. Ng6 Qd6 17. Nf3 Bb5 18. Nfe5 fxe5 19. fxe5 Rxf1+ 20. Rxf1 Bxf1 21. exd6 Nd7 22. Kxf1 Rb8 23. Qh8+ Kf7 24. Ne5+ 1-0

[Event "WLS-chA 68th"]
[Site "Cardiff"]
[Date "2024.03.30"]
[Round "3"]
[White "Fathallah, Joe"]
[Black "Rathbone Jones, Ifan"]
[Result "0-1"]
[WhiteElo "2012"]
[BlackElo "1966"]
[PlyCount "116"]
[EventDate "2024.03.29"]
[EventType "swiss"]
[EventRounds "7"]
[EventCountry "WLS"]
[SourceTitle "CBM 219 Extra"]
[Source "ChessBase"]
[SourceDate "2024.05.31"]
[SourceVersion "1"]
[SourceVersionDate "2024.05.31"]
[SourceQuality "1"]

1. d4 Nf6 2. c4 e6 3. Nf3 d5 4. g3 Be7 5. Bg2 0-0 6. 0-0 Nbd7 7. cxd5 exd5 8. Nc3 c6 9. Bf4 Nh5 10. Bd2 Re8 11. e3 Nhf6 12. Qc2 Bd6 13. Na4 Ne4 14. Rac1 a5 15. a3 Ra6 16. Ne1 b5 17. Nc3 Ndf6 18. Nd3 h5 19. Nxe4 Nxe4 20. Nc5 Bxc5 21. dxc5 h4 22. Bc3 Bf5 23. Qe2 Qg5 24. Bd4 hxg3 25. fxg3 Bg4 26. Qc2 Bf5 27. Qe2 a4 28. Rf4 Bg6 29. Qg4 Qxg4 30. Rxg4 Nd2 31. Re1 Nb3 32. Kf2 Ra7 33. Bf3 Rae7 34. h4 Nxd4 35. Rxd4 Be4 36. Bg4 Rb8 37. Rb4 Bd3 38. b3 axb3 39. Rxb3 Bc4 40. Rc3 Ra8 41. Bf3 Rea7 42. Rd1 f5 43. g4 fxg4 44. Bxg4 Re7 45. Rg1 Rf8+ 46. Kg3 Rfe8 47. Kf2 Rf8+ 48. Kg3 Rf6 49. Rg2 Re4 50. h5 Kf7 51. Bh3 Bf1 52. Rh2 Bxh3 53. Rxh3 Rc4 54. Rxc4 dxc4 55. e4 Ke6 56. Rh4 Ke5 57. Rg4 c3 58. Kh4 Rf4 0-1

[Event "Reykjavik op"]
[Site "Reykjavik"]
[Date "2024.03.19"]
[Round "7"]
[White "Rathbone Jones, Ifan"]
[Black "Povah, Nigel Edward"]
[Result "1-0"]
[WhiteElo "1966"]
[BlackElo "2202"]
[PlyCount "149"]
[EventDate "2024.03.15"]
[EventType "swiss"]
[EventRounds "9"]
[EventCountry "ISL"]
[SourceTitle "CBM 219 Extra"]
[Source "ChessBase"]
[SourceDate "2024.05.31"]
[SourceVersion "1"]
[SourceVersionDate "2024.05.31"]
[SourceQuality "1"]

1. d4 Nf6 2. Bf4 e6 3. Nf3 d5 4. e3 c5 5. c3 Bd6 6. Bg3 0-0 7. Bd3 Qc7 8. Nbd2 Nbd7 9. Qe2 e5 10. dxe5 Nxe5 11. Nxe5 Bxe5 12. Nf3 Bd6 13. Rd1 Re8 14. Bb1 Bxg3 15. hxg3 h6 16. Rh4 Bg4 17. Qc2 Re4 18. Rxd5 Bxf3 19. gxf3 Rxe3+ 20. Kf1 Rxf3 21. Kg2 Qc6 22. c4 b5 23. Qd1 Nxd5 24. cxd5 Rxf2+ 25. Kxf2 Qf6+ 26. Kg1 Qxb2 27. Re4 Rd8 28. Qe1 Kf8 29. Kh1 g6 30. Re2 Qf6 31. Be4 c4 32. Qb4+ Kg8 33. Bg2 a6 34. Re1 Kg7 35. a4 Qf2 36. Qc3+ Qf6 37. Qb4 Qf2 38. Qc3+ Qf6 39. Qa5 Rd6 40. Rf1 Qe5 41. Qc7 Qh5+ 42. Kg1 Rf6 43. Rxf6 Kxf6 44. Qb6+ Ke5 45. Qe3+ Kd6 46. Qa3+ Kd7 47. axb5 Qd1+ 48. Kh2 axb5 49. Qc5 Kd8 50. Qf8+ Kc7 51. Qxf7+ Kb6 52. Qf2+ Ka5 53. Qa2+ Kb4 54. Qb2+ Kc5 55. Qa3+ Kb6 56. Qe3+ Ka5 57. Qa7+ Kb4 58. Qe7+ Kb3 59. d6 c3 60. d7 c2 61. d8Q Qxd8 62. Qxd8 c1Q 63. Qd3+ Ka4 64. Qxg6 Qd2 65. Qa6+ Kb4 66. Qf6 Ka3 67. Qf4 Qc2 68. Qe3+ Ka2 69. Qe6+ Ka3 70. Qa6+ Kb4 71. Qxh6 Ka5 72. Qd6 Qh7+ 73. Kg1 Qa7+ 74. Kf1 Qe3 75. Qc7+ 1-0

[Event "BCF-chT4S 2324 (4NCL)"]
[Site "England"]
[Date "2024.01.06"]
[Round "3.21"]
[White "Rathbone Jones, Ifan"]
[Black "Onley, David E"]
[Result "1/2-1/2"]
[WhiteElo "2101"]
[BlackElo "2153"]
[PlyCount "40"]
[EventDate "2024.02.11"]
[EventType "team-swiss"]
[EventRounds "11"]
[EventCountry "ENG"]
[SourceTitle "EXT 2025"]
[Source "ChessBase"]
[SourceDate "2024.10.14"]
[SourceVersion "1"]
[SourceVersionDate "2024.10.14"]
[SourceQuality "1"]
[WhiteTeam "ToBeDecided"]
[BlackTeam "War and Piece"]
[WhiteTeamCountry "ENG"]
[BlackTeamCountry "ENG"]

1. d4 e6 2. Bf4 f5 3. e3 Nf6 4. h3 b6 5. Nf3 Bb7 6. g4 Be7 7. Bd3 g6 8. Rg1 d5 9. Be5 Bd6 10. Nbd2 Qe7 11. Bxd6 Qxd6 12. Ne5 Nbd7 13. f4 Ne4 14. Bxe4 fxe4 15. Nxd7 Kxd7 16. Qe2 Qb4 17. 0-0-0 Qa5 18. Kb1 Ba6 19. Qh2 Qb4 20. a3 Qd6 1/2-1/2

[Event "GBR-ch Major op 109th"]
[Site "Leicester"]
[Date "2023.07.24"]
[Round "3"]
[White "Rathbone Jones, Ifan"]
[Black "Dougherty, Michael J"]
[Result "1-0"]
[WhiteElo "1925"]
[BlackElo "2110"]
[PlyCount "48"]
[EventDate "2023.07.22"]
[EventType "swiss"]
[EventRounds "9"]
[EventCountry "ENG"]
[SourceTitle "EXT 2024"]
[Source "ChessBase"]
[SourceDate "2023.10.10"]
[SourceVersion "1"]
[SourceVersionDate "2023.10.10"]
[SourceQuality "1"]

1. d4 c5 2. e4 cxd4 3. c3 g6 4. cxd4 d5 5. e5 Nc6 6. Nc3 Nh6 7. Bb5 Nf5 8. g4 Ng7 9. Be3 h5 10. gxh5 Rxh5 11. Qa4 e6 12. Bxc6+ bxc6 13. Qxc6+ Bd7 14. Qa6 Nf5 15. Nge2 Nxe3 16. fxe3 Bh6 17. Kd2 Rb8 18. Rab1 Rh3 19. Ng3 Qh4 20. Qxa7 Rc8 21. Nce2 Bb5 22. Qb7 Bxe3+ 23. Kxe3 Rxg3+ 24. Nxg3 Qg5+ 1-0

[Event "South Wales op 18th"]
[Site "Bridgend"]
[Date "2023.07.09"]
[Round "5"]
[White "Rathbone Jones, Ifan"]
[Black "Harandi, Teymour"]
[Result "1-0"]
[WhiteElo "1925"]
[BlackElo "1426"]
[PlyCount "45"]
[EventDate "2023.07.07"]
[EventType "swiss"]
[EventRounds "9"]
[EventCountry "WLS"]
[SourceTitle "CBM 215 Extra"]
[Source "ChessBase"]
[SourceDate "2023.09.30"]
[SourceVersion "1"]
[SourceVersionDate "2023.09.30"]
[SourceQuality "1"]

1. d4 Nf6 2. Bf4 e6 3. Nf3 b6 4. e3 Bb7 5. Nbd2 Be7 6. Bd3 d6 7. c3 Nbd7 8. e4 Rc8 9. Qe2 c5 10. Rd1 0-0 11. h4 cxd4 12. cxd4 Ng4 13. e5 dxe5 14. dxe5 Bxf3 15. Nxf3 Bb4+ 16. Kf1 Qe7 17. Bxh7+ Kxh7 18. Ng5+ Kg8 19. Qxg4 Qc5 20. Qh5 Qc2 21. Rxd7 Qb1+ 22. Rd1 Qf5 23. g4 1-0

[Event "WLS-chT"]
[Site "Wales"]
[Date "2023.05.21"]
[Round "5"]
[White "Adams, Mark"]
[Black "Rathbone Jones, Ifan"]
[Result "1/2-1/2"]
[WhiteElo "1968"]
[BlackElo "2051"]
[PlyCount "144"]
[EventDate "2023.02.19"]
[EventType "team-tourn"]
[EventRounds "5"]
[EventCountry "WLS"]
[SourceTitle "EXT 2024"]
[Source "ChessBase"]
[SourceDate "2023.10.10"]
[SourceVersion "1"]
[SourceVersionDate "2023.10.10"]
[SourceQuality "1"]
[WhiteTeam "The Full Ponty"]
[BlackTeam "Cardiff"]
[WhiteTeamCountry "WLS"]
[BlackTeamCountry "WLS"]

1. e4 d5 2. exd5 Nf6 3. d4 c6 4. dxc6 Nxc6 5. Nf3 Bg4 6. Be2 e5 7. c3 exd4 8. Nxd4 Nxd4 9. Bxg4 Nxg4 10. Qxd4 Qxd4 11. cxd4 0-0-0 12. Be3 Bb4+ 13. Nc3 Rhe8 14. Kd2 Re6 15. Rac1 Kb8 16. a3 Ba5 17. b4 Bb6 18. Ne2 Rde8 19. Nf4 Re4 20. Nd5 Bxd4 21. Bf4+ Rxf4 22. Nxf4 Bxf2 23. Nd5 Rd8 24. Ke2 Rxd5 25. h3 Ne5 26. Kxf2 Nd3+ 27. Ke3 Nxc1 28. Rxc1 a5 29. Rc4 axb4 30. axb4 h5 31. g4 h4 32. g5 Rxg5 33. Rxh4 Kc7 34. Rc4+ Kd6 35. h4 Rg1 36. Rd4+ Kc6 37. Kd2 f5 38. Rf4 g6 39. h5 gxh5 40. Rxf5 Rh1 41. Kc2 h4 42. Rh5 h3 43. Kb2 h2 44. Kc2 Kd6 45. Kb2 Ke6 46. Ka2 Kf6 47. Kb2 Kg6 48. Rh3 Kf5 49. Rh8 Ke4 50. b5 b6 51. Rh5 Kd4 52. Ka2 Kc3 53. Rh3+ Kc2 54. Rh5 Kc1 55. Kb3 Kb1 56. Ka3 Kc2 57. Ka2 Kd1 58. Rd5+ Kc1 59. Rh5 Rd1 60. Rxh2 Rd2+ 61. Rxd2 Kxd2 62. Kb3 Kd3 63. Kb4 Kd4 64. Ka4 Kc3 65. Ka3 Kc4 66. Ka4 Kc5 67. Ka3 Kxb5 68. Kb3 Kc5 69. Kc3 Kc6 70. Kc4 b5+ 71. Kb4 Kb6 72. Kb3 b4 1/2-1/2

[Event "BCF-chT3W 2223 (4NCL)"]
[Site "England"]
[Date "2023.05.01"]
[Round "11.35"]
[White "Rathbone Jones, Ifan"]
[Black "Livesey, R Nigel"]
[Result "1-0"]
[WhiteElo "2059"]
[BlackElo "1818"]
[PlyCount "93"]
[EventDate "2022.10.22"]
[EventType "team-tourn"]
[EventRounds "11"]
[EventCountry "ENG"]
[SourceTitle "EXT 2024"]
[Source "ChessBase"]
[SourceDate "2023.10.10"]
[SourceVersion "1"]
[SourceVersionDate "2023.10.10"]
[SourceQuality "1"]
[WhiteTeam "West is Best II"]
[BlackTeam "Manchester Manticores"]
[WhiteTeamCountry "WLS"]
[BlackTeamCountry "ENG"]

1. d4 Nf6 2. Nf3 c5 3. c3 g6 4. Bf4 Bg7 5. dxc5 0-0 6. Nbd2 a5 7. e4 Na6 8. Bxa6 Rxa6 9. h3 b6 10. cxb6 Qxb6 11. Qb3 Qa7 12. e5 Ne8 13. 0-0 d6 14. Be3 Qa8 15. Bg5 Ra7 16. Qa3 Be6 17. exd6 exd6 18. Rfe1 h6 19. Bf4 Ra6 20. Rad1 g5 21. Bh2 g4 22. hxg4 Bxg4 23. Qa4 h5 24. Re3 Nf6 25. Nf1 d5 26. Be5 Re6 27. Qd4 Rd8 28. N1h2 Bxf3 29. Rxf3 Ne8 30. Bxg7 Nxg7 31. Rg3 Rg6 32. Rxg6 fxg6 33. c4 Nf5 34. Qf6 Rd6 35. Qg5 d4 36. c5 Re6 37. Nf3 Qd5 38. Rxd4 Qxc5 39. Rd8+ Kg7 40. Qd2 Rd6 41. Rxd6 Nxd6 42. Ng5 Qe5 43. f4 Qc5+ 44. Kh2 Qb4 45. Qe3 Nf5 46. Qe5+ Kg8 47. Qe6+ 1-0

[Event "WLS-ch 67th"]
[Site "Cardiff"]
[Date "2023.04.10"]
[Round "6"]
[White "McKenna, Joshua"]
[Black "Rathbone Jones, Ifan"]
[Result "0-1"]
[WhiteElo "1688"]
[BlackElo "1946"]
[PlyCount "98"]
[EventDate "2023.04.07"]
[EventType "swiss"]
[EventRounds "7"]
[EventCountry "WLS"]
[SourceTitle "CBM 213 Extra"]
[Source "ChessBase"]
[SourceDate "2023.05.31"]
[SourceVersion "1"]
[SourceVersionDate "2023.05.31"]
[SourceQuality "1"]

1. e4 c5 2. c3 d5 3. exd5 Qxd5 4. Nf3 Bg4 5. Be2 Nc6 6. 0-0 Nf6 7. d4 cxd4 8. Nxd4 Bxe2 9. Nxe2 e5 10. Qxd5 Nxd5 11. Nd2 0-0-0 12. Ng3 g6 13. c4 Nb6 14. b3 Nd4 15. Nde4 Be7 16. Bg5 Bxg5 17. Nxg5 Rd7 18. N5e4 f5 19. Nc3 Rhd8 20. Nge2 Nxe2+ 21. Nxe2 Rd2 22. Nc3 a6 23. c5 Nd5 24. Nxd5 R8xd5 25. b4 Kc7 26. f3 Kc6 27. a4 R5d4 28. b5+ axb5 29. axb5+ Kxc5 30. Rfc1+ Kb6 31. Rab1 Rd7 32. Re1 R2d5 33. Kf2 Rc7 34. Ke3 Rc3+ 35. Kf2 Rc2+ 36. Kf1 Rcc5 37. Red1 h5 38. h4 Rxd1+ 39. Rxd1 Kxb5 40. Rd6 Rc6 41. Rd5+ Kc4 42. Rxe5 b5 43. g4 fxg4 44. fxg4 hxg4 45. Re4+ Kc3 46. Rxg4 b4 47. Ke1 b3 48. Rg3+ Kc2 49. Rg2+ Kc1 0-1

[Event "WLS-ch 67th"]
[Site "Cardiff"]
[Date "2023.04.08"]
[Round "4"]
[White "Smith, Lynda"]
[Black "Rathbone Jones, Ifan"]
[Result "1/2-1/2"]
[WhiteElo "1786"]
[BlackElo "1946"]
[PlyCount "84"]
[EventDate "2023.04.07"]
[EventType "swiss"]
[EventRounds "7"]
[EventCountry "WLS"]
[SourceTitle "CBM 213 Extra"]
[Source "ChessBase"]
[SourceDate "2023.05.31"]
[SourceVersion "1"]
[SourceVersionDate "2023.05.31"]
[SourceQuality "1"]

1. e4 d5 2. exd5 Nf6 3. Nc3 c6 4. dxc6 Nxc6 5. Nf3 e5 6. d3 Bc5 7. Be2 h6 8. 0-0 0-0 9. h3 Be6 10. Na4 Bd6 11. Be3 Nd5 12. Bc5 Nf4 13. Bxd6 Qxd6 14. Nc3 Bxh3 15. Ne4 Qd7 16. Nh4 Nd4 17. Bf3 Bxg2 18. Nxg2 Qh3 19. Ne1 Qh4 20. Ng2 Qh3 21. Ne1 f5 22. Ng3 Rf6 23. c3 Nde6 24. Bg2 Nxg2 25. Nxg2 f4 26. Qh5 Qxh5 27. Nxh5 Rg6 28. Kh1 Rf8 29. f3 Rf5 30. Nhxf4 Nxf4 31. Nxf4 exf4 32. Rf2 Re5 33. Rg1 Kf7 34. Rxg6 Kxg6 35. Kg2 Kf5 36. d4 Re7 37. Rd2 g5 38. c4 Rd7 39. b3 h5 40. d5 b6 41. Re2 Rd6 42. Re7 a5 1/2-1/2